000 00488nam a2200181Ia 4500
005 20250508162231.0
008 008 250505s9999 xx 000 0 hin d
037 _aTextual
040 _aFEDL
_beng
_cFEDL
041 _ahin
_2eng
084 _a891.434, RAY
_qFEDL
100 _aRay Kubernath
_9771881
245 0 _aRas-akhetak
260 _aNew Delhi, India
_bBhartiya Gyanpeeth
_c1970
300 _a190p.
942 _cTEXL
_h891.434, RAY
999 _c1375266
_d1375266